Guess the Harry Potter Character - Statistics

General Stats
  • This quiz has been taken 17 times
  • The average score is 5 of 8
Answer Stats
Picture Answer % Correct
Kreacher
88%
Aberforth Dumbledore
82%
Fawkes
82%
Seamus Finnigan
76%
Mrs.Norris
71%
Katie Bell
53%
Nicholas Flamel
24%
Theseus Scamander
18%
No matching quizzes found
Score Distribution
Percent of People with Each Score
Percentile by Number Answered
Your Score History
You have not taken this quiz